|
|
|
|
| LEADER |
01512nam a2200385 i 4500 |
| 001 |
EBC6688628 |
| 003 |
MiAaPQ |
| 005 |
20221024093812.0 |
| 006 |
m o d | |
| 007 |
cr cnu|||||||| |
| 008 |
221024s2021 enk o 000 0 eng d |
| 020 |
|
|
|z 9780745344027
|q (print)
|
| 020 |
|
|
|a 9780745344065
|q (electronic bk.)
|
| 035 |
|
|
|a (MiAaPQ)EBC6688628
|
| 035 |
|
|
|a (Au-PeEL)EBL6688628
|
| 035 |
|
|
|a (OCoLC)1263024592
|
| 040 |
|
|
|a MiAaPQ
|b eng
|e rda
|e pn
|c MiAaPQ
|d MiAaPQ
|
| 050 |
|
4 |
|a HD6476
|b .H654 2021
|
| 082 |
0 |
|
|a 331.88
|2 23
|
| 100 |
1 |
|
|a Holgate, Jane,
|e author.
|
| 245 |
1 |
0 |
|a Arise :
|b power, strategy and union resurgence /
|c Jane Holgate.
|
| 264 |
|
1 |
|a London, UK :
|b Pluto Press,
|c [2021]
|
| 264 |
|
4 |
|c Ã2021
|
| 300 |
|
|
|a 1 online resource (273 pages)
|
| 336 |
|
|
|a text
|b txt
|2 rdacontent
|
| 337 |
|
|
|a computer
|b c
|2 rdamedia
|
| 338 |
|
|
|a online resource
|b cr
|2 rdacarrier
|
| 588 |
|
|
|a Description based on print version record.
|
| 590 |
|
|
|a Electronic reproduction. Ann Arbor, MI : ProQuest, 2018. Available via World Wide Web. Access may be limited to ProQuest affiliated libraries.
|
| 650 |
|
0 |
|a Labor unions
|x History.
|
| 650 |
|
0 |
|a Labor unions
|x Economic aspects.
|
| 655 |
|
4 |
|a Electronic books.
|
| 776 |
0 |
8 |
|i Print version:
|a Holgate, Jane.
|t Arise : power, strategy and union resurgence.
|d London, UK : Pluto Press, c2021
|h 273 pages
|z 9780745344027
|
| 797 |
2 |
|
|a ProQuest (Firm)
|
| 856 |
4 |
0 |
|u https://ebookcentral.proquest.com/lib/matrademy/detail.action?docID=6688628
|z Click to View
|